[Event "Wichern op 4th"]
[Site "Hamburg"]
[Date "1997.??.??"]
[Round "5"]
[White "Heinemann, Thies"]
[Black "Ftacnik, Lubomir"]
[Result "1/2-1/2"]
[WhiteElo "2450"]
[BlackElo "2585"]
[Annotator "Ftacnik,L"]
[PlyCount "82"]
[EventDate "1997.10.??"]
[EventType "swiss"]
[EventRounds "9"]
[EventCountry "GER"]
[SourceTitle "CBM 061"]
[Source "ChessBase"]
[SourceDate "1997.11.23"]
[SourceVersion "1"]
[SourceVersionDate "1997.11.23"]
[SourceQuality "1"]

1. e4 d6 2. d4 Nf6 3. Nc3 g6 4. Nf3 Bg7 5. Be2 O-O 6. O-O Nbd7 7. h3 e5 8. dxe5
dxe5 9. Be3 b6 (9... c6 10. Qd2 (10. Qd6 Ne8 11. Qd2 Nc7 12. Rfd1 Ne6 13. a4
Re8 14. a5 Qe7 15. Bc4 Nf4 16. Bxf4 exf4 17. Qxf4 Ne5 18. Nxe5 Bxe5 19. Qf3 Rf8
20. Rd3 Bc7 21. Bb3 Kg7 22. Qe3 Qf6 {0-1 Laclau,D-Jancu,J/Montpellier-B 1989/ 
(36)}) (10. Nd2 Re8 11. Nc4 b5 12. Nd6 Re6 13. Nxc8 Qxc8 14. a3 Qb7 15. Qd2 Rd8
16. Rad1 Ree8 17. Qc1 Nb6 {1/2-1/2 Budoelina,S-Stojanovic,M/EU-chJW U14
Tallinn 1997}) 10... Re8 11. Rad1 Qe7 12. Bd3 Nc5 13. Qe2 Nfd7 14. Ne1 Ne6 15.
Bc4 Nd4 16. Qd2 Nc5 17. f4 {1-0 Drozdovskij,J-Riazantsev,A/EU-chJM U12
Rimavska Sobota 1996 (25)}) 10. Nd2 (10. Qe1 Bb7 11. Nd2 Qe7 12. g4 Nc5 13. f3
Ne6 14. Qg3 Ne8 15. Bc4 c6 16. Rad1 Nd4 17. Bd3 Nd6 18. f4 exf4 19. Bxf4 Rad8
20. e5 {1-0 Nun,J-Gazik,I/CSR-ch Trinec 1988/ (37)}) (10. Qd3 Bb7 11. Rad1 Qe7
12. Qc4 c6 $11) 10... Bb7 11. a4 a5 (11... Qe7 12. a5 Rfd8 13. a6 Bc6 $13) (
11... a6 12. Bc4 Qe7 13. Qe2 {xa6}) 12. Bc4 (12. Nb5 $5 Nxe4 13. Nxe4 Bxe4 14.
Bf3 Bxf3 15. Qxf3 Rc8 16. Rad1 $44) 12... Qe7 13. f3 Rad8 (13... Nh5 14. Nd5
Bxd5 15. Bxd5 Rad8 16. Bc4 Nf4 $15) 14. Qe1 $1 Nc5 (14... Nh5 15. Nd5 $1 Bxd5 (
15... Qd6 16. Bb3) 16. exd5 Kh8 (16... Nf4 $2 17. Bxf4) 17. g4 Nhf6 18. Bg5 (
18. Ne4 Ne8 19. Bg5 f6 20. Bh4 Nd6 21. Bd3 $13) 18... Qb4 19. b3 $13) 15. Nb3 (
15. Qh4 Ne6 16. Rad1 Nd4 $15) 15... Ne6 16. Ne2 (16. Bxe6 Qxe6 17. Nb5 Qe7 18.
Qc3 Rd7 19. Rad1 Rfd8 $15) 16... Nd4 $5 17. Nexd4 (17. Rc1 Nh5 18. c3 Nxe2+ 19.
Bxe2 Nf4 $15) 17... exd4 18. Nxd4 $6 {Unfortunatelly black is better prepared
for the opening of the position. Schwarz ist leider besser vorbereitet auf
Stellungsoffnung.} (18. Bxd4 $2 Rxd4 19. Nxd4 Qc5 20. Bxf7+ Rxf7 21. c3 Nh5 $17
) (18. Bf2 $1 Nh5 (18... Ne8 19. Bd3 c5 20. Nd2 Nd6 $13) 19. Nc1 Nf4 20. Nd3)
18... Nxe4 19. c3 (19. fxe4 Qxe4 20. Qf2 Qxe3 $5 (20... Bxd4 21. Bxf7+ Kg7 22.
Rae1 Bxe3 23. Rxe3 Qxg2+ $17) 21. Qxe3 Bxd4 22. Rae1 Bxe3+ 23. Rxe3 Rd2 $17)
19... Nd6 (19... Ng3 $2 20. Bf4 (20. Bf2) 20... Qc5 21. Qxg3 Qxc4 22. Bxc7
Bxd4+ 23. cxd4 Qxd4+ 24. Qf2 $14) 20. Bd3 (20. Ba2 Rfe8 21. Bf4 Qd7 22. Qf2 c5
23. Nc2 Nf5 $15) 20... Rfe8 21. Bf2 $2 (21. Nc2 Qf6 22. Qf2 Nf5 23. Bxf5 Qxf5
$15) (21. Bf4 $1 Qf6 (21... c5 22. Qxe7 Rxe7 23. Nb5 Nc8 24. Rad1 Red7 25. Bc7
Re8 26. Be4 $11) (21... Qd7 22. Qf2 c5 23. Nb5 $11) 22. Qg3 h6 23. Rfe1) 21...
Qf6 22. Qc1 (22. Ne2 Nf5 $17) (22. Qb1 c5 23. Nb5 Bh6 $17) 22... c5 23. Nb5 Nf5
24. Bxf5 (24. Rd1 Bh6 25. Qc2 Ne3 26. Bxe3 Bxe3+ $17) 24... Qxf5 25. Qb1 (25.
Re1 Be5 $17) 25... Qf4 26. Qc1 Rd2 $1 27. Bg3 (27. Be1 Ree2 (27... Rxg2+ 28.
Kxg2 Re2+ 29. Rf2 Qxf3+ 30. Kf1 Rxf2+ 31. Bxf2 Qxh3+ 32. Ke1 Bh6 33. Qc2 Qh1+
34. Ke2 Bf3+ 35. Kd3 Be4+ 36. Ke2 Qf3+ $19) 28. Rf2 Rxf2 29. Bxf2 Be5 30. Kf1
Qc4+ 31. Kg1 Bf4 $19) 27... Qe3+ $6 {The attacker fails to deliver the
decisive blow. Der Angreiffer scheitert vor dem entcheidendem Schlag.} (27...
Rxg2+ $1 28. Kxg2 Re2+ 29. Rf2 Bxf3+ (29... Qxf3+ 30. Kf1 Rxf2+ 31. Bxf2 Qxh3+
32. Ke1 Bh6 $19) 30. Kf1 Qxg3 31. Rxe2 Qxh3+ 32. Ke1 Bh6 $1 (32... Qh1+ 33. Kd2
Bh6+ 34. Re3 Qg2+ 35. Kd3 Bg4 36. Re8+ Kg7 37. Qh1 $16) 33. Re3 (33. Qc2 Qh1+
34. Kf2 Qg2+ 35. Ke1 Qg1#) 33... Qg3+ (33... Qg2 34. Rxf3 Bxc1 35. Rf2 Qe4+ $19
) 34. Kd2 Bxe3+ 35. Kxe3 Bd5+ (35... Bg4+ 36. Ke4 Qf3+ 37. Ke5 Qf5+ 38. Kd6
Qd7+ 39. Ke5 f6+ 40. Kf4 Qf5+ 41. Kg3 Qf3+ 42. Kh2 Qf2+) 36. Ke2 (36. Kd2 Qf2+)
36... Bc4+ 37. Kd1 Qf3+ $19) 28. Rf2 (28. Kh1 Red8 $17) 28... Red8 29. Qe1 (29.
Kh1 Bh6 (29... Qg5 $2 30. Bd6 $1 $18) (29... Be5 30. Rxd2 (30. Nd4 Bxg3 31.
Rxd2 Bf4 32. Nb3 Rxd2 33. Nxd2 Qxd2 34. Qxd2 Bxd2 $19) 30... Rxd2 31. Bxe5 Qe2
32. Qf1 Qxe5 33. Re1 $11) 30. Qe1 f5 $1) 29... Bh6 30. Kh1 Bc6 $6 $138 (30...
f5 $1 31. Rxd2 (31. Bh4 Rxf2 32. Qxe3 Bxe3 33. Bxd8 c4) (31. Bc7 Rxf2 32. Qxe3
Bxe3 33. Bxd8 c4 34. Nd6 Ba6 $17) 31... Rxd2 32. Rd1 Qxe1+ 33. Rxe1 f4 34. Re8+
Kf7 35. Be1 Rd1 36. Re2 g5 $15) (30... Qg5 31. Rxd2 Rxd2 32. Nd6 $1 Bc6 33. Nc4
) 31. Rxd2 Rxd2 32. Qxe3 Bxe3 33. Nd6 $1 Bd5 $6 (33... Rxb2 34. Nc4 Re2 35. Bc7
(35. Nxb6 Bg5 36. Nc4 Bf6 $15) 35... Bd5 36. Nxe3 Rxe3 37. Bxb6 Rxc3 38. Bxa5
Rc2 39. Bb6 c4 $11) 34. Re1 Bf2 $4 $138 (34... Bg5 35. Re8+ Kg7 36. h4 Bf6 37.
Rb8 Bc6 38. Rxb6 Bxh4 39. Be5+ f6 40. Rxc6 fxe5 $14) (34... Bh6 35. Re8+ Kg7 (
35... Bf8 36. Nc8 Kg7 37. Rd8 $16) 36. Rb8 Bc6 37. Rxb6 $14) 35. Re8+ Kg7 36.
Be5+ f6 (36... Kh6 37. Bf4+ $18) 37. Re7+ Kf8 38. Re8+ $138 (38. Bxf6 $1 Bc6
39. Rc7 $18) 38... Kg7 39. Re7+ Kf8 40. Re8+ Kg7 41. Re7+ Kf8 1/2-1/2

[Event "Interzonal-15"]
[Site "Manila"]
[Date "1990.??.??"]
[Round "7"]
[White "Torre, Eugenio"]
[Black "Spraggett, Kevin"]
[Result "1/2-1/2"]
[WhiteElo "2530"]
[BlackElo "2540"]
[Annotator "Ftacnik,L"]
[PlyCount "80"]
[EventDate "1990.06.29"]
[EventType "swiss"]
[EventRounds "13"]
[EventCountry "PHI"]
[SourceTitle "CBM 019"]
[Source "ChessBase"]
[SourceDate "1990.12.01"]
[SourceVersion "1"]
[SourceVersionDate "1990.12.01"]
[SourceQuality "1"]

1. d4 Nf6 2. Nf3 d6 3. Nc3 g6 4. e4 Bg7 5. Be2 O-O 6. O-O c6 7. h3 Nbd7 8. Bf4
Qa5 $1 9. a4 $5 e5 10. Bh2 Re8 $6 (10... exd4 $6 11. Nxd4 Qb4 12. Na2 $1 $16) (
10... Nh5 $6 11. Qd2 {/\ Rfd1+/-}) (10... Qb4 $1 11. dxe5 dxe5 12. Nxe5 Nxe5
13. Bxe5 Nxe4 $10) 11. dxe5 dxe5 12. Bc4 (12. Nd2 {>=} Nb6 (12... Nc5 $6 13.
Nc4 Qc7 14. f4 $1 $16) 13. Nb3 Qb4 14. a5 Nbd7 15. Ra4 $14) 12... Qb4 $1 13.
Bb3 (13. Qe2 Nh5 $1 (13... Qxb2 $2 14. Bxf7+ $1)) 13... Nc5 14. Qd6 $6 (14.
Nxe5 $6 Nxb3 15. Nd3 Qd4 $1 $17) (14. Bxe5 {>=} Nxb3 15. cxb3 Be6 $1 16. Qd4 $1
Qxd4 17. Nxd4 Nxe4 18. Bxg7 Nxc3 19. bxc3 $10) 14... a5 $1 $15 15. Na2 $1 $8
Qb6 16. Nxe5 Nxb3 17. Nc4 $1 Qa6 (17... Qa7 18. cxb3 Nxe4 19. Qf4 Nc5 20. Nd6
$13) 18. cxb3 Be6 (18... Nxe4 19. Qf4 Nc5 20. Nd6 Rf8 21. Qe3 b6 22. Ne8 $1)
19. f3 $1 (19. e5 Red8 20. Qa3 Nd5 {/\ b5-/+}) 19... Rad8 $6 (19... Red8 {>=}
20. Qa3 (20. Qf4 Bxc4 21. bxc4 Qxc4 $17) 20... Bf8 21. Nd6 Ne8 $17) 20. Qa3 $1
$8 Bxc4 (20... Bf8 $6 21. Nd6 $13) 21. bxc4 Qxc4 22. Rac1 Qe6 (22... Qd4+ 23.
Kh1 Bf8 24. Qb3 {/\ Rfd1}) 23. Nc3 $10 Nd7 24. Bc7 Rc8 25. Qd6 $1 (25. Bxa5 $2
b6 $1 $19) 25... Qxd6 26. Bxd6 Ne5 27. Bxe5 Bxe5 28. Rfd1 Rcd8 29. Kf2 f5 30.
exf5 gxf5 31. g4 Bd4+ 32. Kg2 Kf7 33. Rc2 Bxc3 34. Rxd8 Rxd8 35. bxc3 Rd5 36.
c4 Rd7 37. Kg3 Kf6 38. Rb2 fxg4 39. hxg4 Ke5 40. Re2+ Kf6 1/2-1/2

[Event "Interpolis-01"]
[Site "Tilburg"]
[Date "1977.09.25"]
[Round "3"]
[White "Miles, Anthony John"]
[Black "Timman, Jan H"]
[Result "1/2-1/2"]
[WhiteElo "2555"]
[BlackElo "2590"]
[Annotator "Ftacnik,L"]
[PlyCount "56"]
[EventDate "1977.09.23"]
[EventType "tourn"]
[EventRounds "11"]
[EventCountry "NED"]
[EventCategory "14"]
[SourceTitle "MCL"]
[Source "ChessBase"]
[SourceDate "1999.07.01"]
[SourceVersion "1"]
[SourceVersionDate "1999.07.01"]
[SourceQuality "1"]

1. Nf3 g6 2. e4 d6 3. d4 Nf6 4. Nc3 Bg7 5. Be2 O-O 6. O-O b6 7. Re1 Bb7 8. Bc4
Nxe4 $5 9. Nxe4 (9. Bxf7+ Rxf7 10. Nxe4 h6 11. c4 e6 $132) 9... d5 10. Bd3 dxe4
11. Bxe4 Bxe4 12. Rxe4 c5 13. Bg5 Qd5 $1 (13... Nc6 14. d5 Nd4 15. c4 Re8 16.
Nxd4 Bxd4 17. Qe2 $16) 14. Qd3 (14. Rxe7 Nc6 15. Re2 Nxd4 16. Nxd4 Qxg5 $15)
14... cxd4 15. Bxe7 Re8 16. Rae1 Nc6 17. c4 (17. Bg5 Rxe4 18. Rxe4 Qxa2 $15)
17... Qd7 18. Ba3 f5 19. Rxe8+ Rxe8 20. Rxe8+ Qxe8 21. Kf1 Bh6 {/\ 22...Qe4}
22. b4 $1 Bf8 (22... Qe4 $2 23. Qxe4 fxe4 24. b5 $1 $16) 23. b5 Bxa3 24. Qxa3 (
24. bxc6 Bc5 25. c7 Qd7 26. Nxd4 Qxc7 $13) 24... Ne5 25. Qd6 Nxc4 26. Qd5+ Qf7
27. Qd8+ Qf8 28. Qd5+ (28. Qxd4 Qb4 $132) 28... Qf7 1/2-1/2

[Event "EU-chT (Men) 21st"]
[Site "Heraklion"]
[Date "2017.11.01"]
[Round "5.2"]
[White "Rodshtein, Maxim"]
[Black "Mchedlishvili, Mikheil"]
[Result "1-0"]
[WhiteElo "2699"]
[BlackElo "2604"]
[Annotator "Ftacnik,L"]
[PlyCount "91"]
[EventDate "2017.10.28"]
[EventType "team-swiss"]
[EventRounds "9"]
[EventCountry "GRE"]
[SourceTitle "CBM 182"]
[Source "ChessBase"]
[SourceDate "2018.01.17"]
[SourceVersion "1"]
[SourceVersionDate "2018.01.17"]
[SourceQuality "1"]
[WhiteTeam "Israel"]
[BlackTeam "Georgia"]
[WhiteTeamCountry "ISR"]
[BlackTeamCountry "GEO"]

1. e4 d6 2. d4 Nf6 3. Nc3 g6 4. Bf4 Bg7 5. Qd2 c6 6. Nf3 b5 {The downside of
this system for White is, that it is very easy for the opponent to read the
main plan. Mchedlishvili does try to prepare potential counterplay on the
queenside.} 7. a3 O-O 8. h3 {It might be necessary to fight against the idea
of ...Bg4, but it slows down White's development and reduces chances for
obtaining advantage.} Bb7 (8... a6 9. Rd1 (9. Be2 Nfd7 10. e5 dxe5 11. dxe5 Nc5
12. Qe3 Ne6 13. Bh6 f5 14. exf6 exf6 15. Bxg7 Kxg7 16. O-O Re8 17. Rfd1 Qe7 18.
Nd4 Nxd4 19. Qxe7+ Rxe7 20. Rxd4 {½-½ (20) Baltag,I (2231)-Slovineanu,V 
(2406) Kishinev 2001}) 9... Nbd7 (9... Bb7 10. Bh6 Nbd7 11. e5 Nd5 12. Nxd5
cxd5 13. Qe3 Nb6 14. h4 Nc4 15. Bxc4 dxc4 16. h5 Bh8 17. Ng5 dxe5 18. hxg6 fxg6
19. Bxf8 Qxf8 20. Rxh7 Bxg2 21. Qg3 $18 {1-0 (31) Stypka,M-Borkowski,F (2375)
Lubniewice 1981}) 10. e5 Ne8 11. Bd3 Nb6 12. O-O d5 (12... Be6 13. Rfe1 Nd5 {
1/2-1/2 (13) Koploy,P (2330)-Silman,J (2395) USA 1996}) 13. b3 Nc7 14. Bh6 a5
15. Qf4 a4 16. b4 Ne6 17. Qh4 Ra7 18. Rfe1 f5 19. Ne2 Bxh6 20. Qxh6 $16 {
1/2-1/2 (57) Ostojic,P (2480)-Radulov,I (2500) Belgrad 1977}) (8... Nbd7 9. e5
Ne8 10. h4 c5 11. dxc5 Nxc5 12. h5 Bf5 13. O-O-O Rb8 14. Bh6 b4 15. axb4 Rxb4
16. Bxg7 Qa5 17. Na2 Qxa2 18. Qxb4 Ne4 19. Qa3 Qxa3 20. bxa3 Nxg7 {1-0 (59)
Gonzales,J (2345)-Altounian,L (2435) Los Angeles 1998} 21. exd6 $16) (8... d5
9. e5 Ne4 10. Qe3 Nxc3 11. Qxc3 Qb6 12. Bd3 h6 13. Qd2 Kh7 14. h4 h5 15. c3 Na6
16. Qe2 c5 17. Be3 c4 18. Bc2 Nc7 19. Nh2 Kg8 20. g4 hxg4 21. Nxg4 $16 {
1-0 (35) Barczyszyn,K (2235)-Meleghegyi,C (2415) Zalakaros 1991}) 9. O-O-O $2 {
Rodshtein might be a brave player, but this daring castling borders on the
mildly insane.} (9. Bh6 a5 10. Bxg7 Kxg7 11. Bd3 b4 12. Ne2 c5 13. Ng3 cxd4 14.
axb4 axb4 15. Rxa8 Bxa8 16. Nxd4 e5 17. Nb3 Nc6 18. O-O d5 19. Ra1 Bb7 20. Ba6
Bxa6 21. Rxa6 Nb8 $11 {1/2-1/2 (65) Vakhania,A (2238)-Babazada,K (1986) Poti
2016}) (9. g4 c5 10. d5 b4 11. axb4 cxb4 12. Nd1 Nxe4 13. Qxb4 Bxd5 14. Bc4 Bc6
15. O-O e5 16. Be3 d5 17. Ba6 d4 18. Bb7 Qf6 19. Nh2 a5 20. Qb6 Bxb7 21. Qxb7
Nc6 $19 {0-1 (30) Grigoryan,M (1996)-Lauterbach,I (2107) West Bromwich 2016}) (
9. Bd3 Nbd7 (9... a5 10. Ne2 Nbd7 11. O-O Qb6 12. b4 axb4 13. axb4 Ra4 14. c3
Rfa8 15. Rxa4 Rxa4 16. e5 Ne8 17. Re1 dxe5 18. dxe5 c5 19. bxc5 Nxc5 20. Ned4
Bxf3 21. Bxb5 Rxd4 22. cxd4 Qxb5 23. dxc5 Bc6 $17 {1/2-1/2 (62) Kreuz,M (1528)
-Roessner,A (1702) Grossenseebach 2012}) 10. Bh6 e5 11. Bxg7 Kxg7 12. dxe5 Nxe5
13. Nxe5 dxe5 14. Rd1 Qc7 15. O-O Rad8 16. Qe3 a6 17. Be2 c5 18. f3 Rd4 19. Rd2
Nh5 20. Rfd1 Nf4 21. Nb1 Qe7 $17 {1-0 (72) Paparella,N (1646)-Del Nevo,C (1807)
Alassio 2016}) 9... b4 $1 10. axb4 a5 11. b5 {White would never even dream of
pushing the b pawn forward, but the danger for his exposed king simply forces
his hand.} (11. bxa5 $2 Qxa5 12. Qe3 c5 $19) (11. e5 axb4 12. Nb1 Nd5 $17)
11... cxb5 12. e5 (12. Nxb5 Bxe4 13. Nc3 Nc6 $17) (12. Bxb5 Nxe4 13. Nxe4 Bxe4
14. Rhe1 Bc6 $17) 12... b4 $1 13. exf6 (13. Na4 Nh5 14. Be3 Bc6 $17) 13... bxc3
14. Qxc3 Bxf6 {The access to the queenside on semi-open files promises Black
excellent chances, White has not even started his own attack.} 15. Bh6 Re8 16.
Ne5 {Extreme times call for extreme measures, White is trying to prevent the
natural development of the black knight.} (16. Bb5 Nd7 $1 (16... Nc6 17. Bxc6
Rc8 18. Bxb7 Rxc3 19. bxc3 Qc7 20. Be4 Qxc3 21. Rhe1 a4 $15) 17. Rhe1 Rc8 18.
Qd3 Qc7 $17) 16... Qb6 17. Nc4 Qb4 {The black queen has a very pleasant choice
of good moves. The original but very unpleasant idea 17...Qa7! eyeing the
d4-pawn could aspire to the title of the best move.} (17... Qc6 18. Ne3 Qxc3
19. bxc3 Bc6 $17) (17... Qa7 $1 18. h4 Nc6 $17) 18. h4 Qxc3 19. bxc3 Nd7 20.
Kd2 Rec8 (20... a4 $1 21. Ra1 Bc6 $17) 21. Ra1 a4 22. f3 {Both players have
struggled to understand, that Bg5 is a very sound idea for White.} (22. Bg5 $1
Rcb8 23. f3 $15) 22... d5 23. Ne3 Bc6 $6 (23... e6 24. Bg5 Bg7 25. h5 e5 $15)
24. Bg5 $1 {With great luck Rodstein manages to reduce the danger on the dark
squares; his defence will become much easier.} e6 25. Bxf6 Nxf6 26. Bd3 Kf8 (
26... Nh5 27. Rhb1 Nf4 $11) 27. Rhb1 Rcb8 28. c4 dxc4 (28... Nh5 29. cxd5 (29.
c5 Rxb1 30. Rxb1 Ke7 $11) 29... exd5 30. c4 Rxb1 31. Rxb1 Nf4 $11) 29. Nxc4 h6
{Black obviously doesn't take the danger of falling into difficult position
very seriously. It was not necessary to let the knight go to e5.} (29... Rxb1
30. Rxb1 Nd7 $11) 30. Ne5 Be8 (30... Rxb1 31. Rxb1 Be8 32. c4 Nh5 33. Rb2 Nf4
34. Bf1 g5 35. hxg5 hxg5 $11) 31. c4 Nd7 {The engine has a difficult time at
this critical juncture to appreciate the benefits of exchanging the mighty
knight on e5. It spends time and energy on the proactive move 31...Nh5!? that
is also quite playable.} (31... Nh5 $5 32. Rxb8 Rxb8 33. Bc2 Ke7 34. Bxa4 Ra8
35. Bxe8 Rxa1 36. Bxf7 Ra2+ $11) 32. Nxd7+ Bxd7 33. Kc3 g5 34. hxg5 hxg5 35.
Be4 Rxb1 36. Rxb1 Ra5 {[%mdl 4096] The defender is not terribly concerned
about his fate as he believes in counterplay on the other side of the board.} (
36... Ra6 37. Kb4 Be8 38. Kc5 a3 39. Ra1 Ke7 40. Kb4 Rd6 $14) 37. Rb8+ Ke7 38.
Ra8 {Only time trouble can explain the fact, that White abstains from the
obvious and attractive move 38.Kb4!?} (38. Kb4 $5 Ra6 (38... a3 39. Kxa5 a2 40.
Rb1 $18) 39. Ra8 Rxa8 40. Bxa8 f5 41. Bb7 Kd6 42. c5+ Kc7 43. Ba6 f4 $11) 38...
Rxa8 39. Bxa8 a3 $2 {All good players know the rule that you should not change
the pawn structure in time trouble as you may get it terribly wrong.
Unfortunately for Black it is called for, he can get sufficient counterplay
when he pushes his f-pawn forward.} (39... f5 $1 40. Bb7 (40. c5 Kd8 41. Kb4
Kc7 42. d5 exd5 43. Bxd5 Bc6 44. Bc4 f4 $11) 40... Kd6 41. c5+ Kc7 42. Ba6 Kc6
43. Kb4 (43. Kc4 a3 44. Kb3 e5 $11) 43... Kd5 44. Bb7+ Kxd4 45. c6 Bxc6 46.
Bxc6 e5 47. Bxa4 e4 48. fxe4 Kxe4 $11) 40. Kb3 e5 (40... a2 41. Kxa2 Ba4 42.
Ka3 Bd1 43. Kb4 $16) 41. dxe5 Ke6 42. Bd5+ Kxe5 43. Bxf7 Kf4 (43... Kd4 44.
Kxa3 Kc5 45. Kb3 $18) 44. Kxa3 Kg3 45. Bh5 $1 {Black must have missed this
simple move preventing the exchange of the f3-pawn. The endgame is elementary
and winning for White.} Kxg2 46. c5 1-0

[Event "Interpolis-01"]
[Site "Tilburg"]
[Date "1977.09.23"]
[Round "1"]
[White "Karpov, Anatoly"]
[Black "Timman, Jan H"]
[Result "1/2-1/2"]
[WhiteElo "2690"]
[BlackElo "2590"]
[Annotator "Ftacnik,L"]
[PlyCount "106"]
[EventDate "1977.09.23"]
[EventType "tourn"]
[EventRounds "11"]
[EventCountry "NED"]
[EventCategory "14"]
[SourceTitle "MCL"]
[Source "ChessBase"]
[SourceDate "1999.07.01"]
[SourceVersion "1"]
[SourceVersionDate "1999.07.01"]
[SourceQuality "1"]

1. e4 d6 2. d4 Nf6 3. Nc3 g6 4. Nf3 Bg7 5. Be2 O-O 6. O-O Bg4 7. Be3 Nc6 8. Qd2
e5 9. d5 Ne7 10. Rad1 Bd7 (10... Bxf3 11. Bxf3 Nd7 12. g3 f5 13. Be2 $1 {
Pf3+/- Spassky-Parma/Havanna/1966} (13. Bg2 Nb6 14. b3 f4 $132)) (10... Kh8 {
Matulovic} 11. h3 Bxf3 12. Bxf3 Nd7 13. Be2 f5 14. f4 g5 $6 15. fxg5 f4 16. Bf2
h6 17. gxh6 Bxh6 18. Bg4 Nf6 19. Qe2 Rg8 20. Be6 $16 {Karpov-Keene/Moscow/1977}
) 11. Ne1 Ng4 12. Bxg4 Bxg4 13. f3 Bd7 14. f4 (14. Bh6 Bxh6 15. Qxh6 c6 $1 16.
dxc6 Qb6+ 17. Kh1 Bxc6 $10 {Browne-Timman/Stockholm/1971_72}) 14... Bg4 {Tal} (
14... exf4 $143 15. Bxf4 f5 {Geller-Tal/Moscow/1975}) 15. Rb1 (15. Nf3 f5 (
15... Qd7 16. fxe5 dxe5 17. Bc5 f5 18. Qg5 Bf6 19. Qh6 Bg7 20. Qh4 $16 {
Gligoric-Pfleger/Moscow/1977/1-0}) 16. Rde1 (16. h3 Bxf3 17. Rxf3 {P df1}) (16.
fxe5 fxe4 $1 17. Nxe4 Bxf3 18. gxf3 Bxe5 19. Ng5 $17 {<->e6}) 16... Bxf3 17.
Rxf3 Qd7 18. fxe5 dxe5 19. Bh6 {1/2/Geller-Timman/Wijk aan Zee/1977/}) 15... c6
16. h3 Bd7 17. fxe5 (17. dxc6 $2 Bxc6 18. f5 (18. Rd1 exf4 19. Rxf4 f5 $1 {
Karpov-Adorjan/Las Palmas/1977/}) 18... gxf5 19. exf5 f6 $17 {<=>}) 17... dxe5
18. d6 (18. Bc5 b6 (18... cxd5 $2 19. Nxd5 Nxd5 20. Bxf8 Qb6+ 21. Kh1 Ne3 22.
Rf3 $18 {Kovacevic}) (18... Re8 19. Rd1 $1 {P dc6 f2}) 19. Ba3 (19. dxc6 $1)
19... c5 $1 20. b4 cxb4 21. Bxb4 Rc8 $132 {Liberzon-Adorjan/Amsterdam/1977/})
18... Nc8 19. Rd1 Nb6 {P d7, f5} (19... Re8 {Andersson} 20. Na4 b6 (20... Re6
21. Nc5 Rxd6 22. Qxd6 Nxd6 23. Rxd6 $16) 21. c4 {Pc5+/-} c5 22. Bg5 f6 23. Qd5+
$18) (19... b6 20. Ne2 Rb8 {P c4-c5} 21. c4 c5 22. Bg5 $1 f6 23. Qd5+ Kh8 24.
Bh4 $16) 20. b3 Be6 21. Ne2 Nd7 22. Nf3 f6 23. c4 Kh8 24. Kh1 Bg8 25. Ng3 $2 (
25. Nc3 $142 Qe8 {P e6} (25... f5 26. Bg5 {P e7})) 25... c5 $1 $15 26. Bh6 a6
27. Rf2 b5 28. Bxg7+ Kxg7 29. Nf1 bxc4 30. bxc4 Bxc4 31. Ne3 Bg8 32. Nd5 Bxd5
33. Qxd5 Qb6 34. Rdf1 Rac8 35. Ng5 fxg5 36. Qe6 Kh6 37. Rf7 Qb5 38. Kh2 Rce8
39. Qg4 Qxf1 40. Rxf1 Rxf1 41. Qxd7 Rff8 42. Qc6 Rd8 43. Qxc5 Rf6 44. Qxe5
Rdxd6 45. a4 Rde6 46. Qd5 Re8 47. a5 Rf4 48. Qc6 Rexe4 49. Qxa6 Ra4 50. Qb6 Rf8
51. Qb5 Ra1 52. h4 gxh4 53. Qe5 Rff1 1/2-1/2